000 00504pab a2200169 454500
008 180718b2007 xxu||||| |||| 00| 0 eng d
100 _aMorgan, Rhiannon
245 _aOn political institutions and social movement dynamics: the case of the United nations and the global indigenous movement
260 _c2007
300 _ap.273-92.
362 _aJun
650 _aUnited Nations
650 _aSocial movements
773 _aInternational Political Science Review
908 _aN
909 _a75731
999 _c75731
_d75731